|
|
|
|
| LEADER |
00000nam a2200000 4500 |
| 001 |
vtls012012086 |
| 003 |
SK-MaSNL |
| 005 |
20260302002644.0 |
| 008 |
210125t1643 sz a r 001 0 lat |
| 015 |
|
|
|a SNBHFA1643
|
| 040 |
|
|
|a SNKHF
|b slo
|c SNK
|e rda
|
| 041 |
|
|
|a lat
|
| 044 |
|
|
|a sz
|c CH
|
| 072 |
|
7 |
|a 821.09
|x Literatúra v rôznych jazykoch (o nej)
|2 konspekt
|
| 080 |
|
|
|a 821(37/38)
|2 2001
|
| 100 |
1 |
|
|a Plinius Caecilius Secundus, Gaius,
|d 61-113
|4 aut
|9 53662
|
| 245 |
1 |
0 |
|a C. Plinii Caecilii Secvndi Novocomensis, Epistolarvm Libri X.
|b Eiusdem Panegyricus Traiano dictus. Cum Commentariis Ioannis Mariae Catanaei, viri doctißimi. Multis Epistolis cum illarum interpretatione adiectis. Adiuncti sunt alij, ad alios Caesares, Panegyrici, ad fidem vetusti exemplaris emendati
|
| 246 |
3 |
0 |
|a Novocomensis, Epistolarvm Libri X.
|b Eiusdem Panegyricus Traiano dictus. Cum Commentariis Ioannis Mariae Catanaei, viri doctißimi. Multis Epistolis cum illarum interpretatione adiectis. Adiuncti sunt alij, ad alios Caesares, Panegyrici, ad fidem vetusti exemplaris emendati
|
| 264 |
|
3 |
|a [Ženeva?]
|b Apud Petrum & Iacobum Chouët
|c M.DC.XLIII (1643)
|
| 300 |
|
|
|a 24 nečíslovaných strán, 646 strán, 28 nečíslovaných strán, 168, 150 strán
|c 23 cm
|
| 336 |
|
|
|a text
|b txt
|2 rdacontent
|
| 337 |
|
|
|a bez média
|b n
|2 rdamedia
|
| 338 |
|
|
|a zväzok
|b nc
|2 rdacarier
|
| 500 |
|
|
|a Ilustrovaný titulný a predtitulný list, ilustrácie, iniciály s ornamentálnym pozadím na 2 a 6 riadkov, kustody
|
| 504 |
|
|
|a Register
|
| 505 |
2 |
0 |
|a Prítlačok 1:
|t Panegyricvs Traiano Avgvsto Dictvs: Cum doctissimis Ioannis Mariae Catanae Commentariis. Quibus adiungere visum est et alios veterum Panegyricos
|g 168 strán
|
| 563 |
|
|
|a Väzba pôvodná pergamenová.
|5 SNK IC 145559
|
| 650 |
0 |
7 |
|a antická literatúra
|2 SNKPH
|9 92203
|
| 700 |
1 |
|
|a Cataneo, Giovanni Maria,
|d zomrel asi 1530
|4 cwt
|9 127043
|
| 700 |
1 |
|
|a Chouet, Pierre,
|d 1580-1648
|4 prt
|9 640309
|
| 700 |
1 |
|
|a Chouet, Jacques,
|d 1583-1661
|4 prt
|9 506617
|
| 752 |
|
|
|a Švajčiarsko
|d Ženeva
|
| 852 |
|
|
|a snk
|b Aponiovská knižnica
|p IC 145559
|
| 958 |
|
|
|a DC
|
| 958 |
|
|
|a ONDV
|
| 999 |
|
|
|c 988915
|d 990845
|
| 952 |
|
|
|t Op. I/166
|a SNK
|b SNK
|c SNK_HF
|y PREZ
|7 0
|p 17A1395622
|o snkIC 145559
|i snk2021/177
|8 5
|0 0
|1 0
|4 0
|d 2021-01-25
|l 0
|r 2026-02-24 11:41:33
|w 2026-02-24
|